000 00770nam a2200229Ii 4500
003 JO-AjNU
008 230605s9999||||xx |||||||||||||| ||und||
017 _a2014/7/3331
020 _a978-9957-97-032-1
040 _aJO-AjNU
_bara
_erda
_cJO-AjNU
041 _aara
050 1 4 _aHM1166.S253 2022
100 3 _aالسكارنة، بلال خلف,
_eauthor
_963087
245 0 0 _aمهارات الاتصال = COMMUNICATION SKILLS
250 _aط2
264 3 1 _aعمان: دار المسيرة للنشر والتوزيع والطباعة، 2022
300 _a424ص
336 _atext
_btxt
_2rdacontent
337 _aunmediated
_bn
_2rdamedia
338 _avolume
_bnc
_2rdacarrier
650 4 _aالاتصال-وسائل-الاتصال الجماهيري
_963088
999 _aA28598
_c32166
_d32166